| 000 | 00720cam a2200193 a 4500 | ||
|---|---|---|---|
| 082 | 0 |
_a330.9549/1 _bMAH _cD |
|
| 245 | 0 | 0 |
_aEmployment, distribution, and basic needs in Pakistan : _bessays in honour of Jawaid Azfar / _cedited by Mahbub ul Haq, Moin Baqai. |
| 250 | _a1st ed. | ||
| 260 |
_aLahore : _bProgressive Publishers, _c1986. |
||
| 300 |
_axxxiv, 408 p., [1] leaf of plates : _bport. ; _c22 cm. |
||
| 526 |
_a0 _b0 _c0 _d330_954910000000000_MAH |
||
| 650 | 0 |
_aIncome distribution _zPakistan. _936754 |
|
| 650 | 0 |
_aLabor supply _zPakistan. _936755 |
|
| 650 | 0 |
_aRural poor _zPakistan. _936756 |
|
| 700 | 1 |
_aAzfar, Jawaid, _936757 |
|
| 700 | 1 |
_aBaqai, Moin. _936758 |
|
| 700 | 1 |
_aHaq, Mahbub ul, _936759 |
|
| 942 |
_2ddc _cBK |
||
| 999 |
_c541732 _d541732 |
||